Antoni Santiburcio : 1954 - 2001 / Xavi Casinos, Gerard Maristany 1954 - 2001 / Xavi Casinos, Gerard Maristany
ISBN:
84-7609-695-7
Descripción Física:
110 p. : fot. ; 21 cm
Colección:
Memòria de Barcelona
Otros Autores:
Maristany, Gerard
MARC
| LEADER | 00000nam a2200000Ia 4500 | ||
|---|---|---|---|
| 001 | 22383 | ||
| 008 | 160829s2002 xx 000 0 cat d | ||
| 020 | |a 84-7609-695-7 | ||
| 080 | |a M-6-320 | ||
| 100 | |a Casinos, Xavi |9 42245 | ||
| 245 | |a Antoni Santiburcio : |b 1954 - 2001 / Xavi Casinos, Gerard Maristany | ||
| 260 | |a Barcelona : |b Ajuntament de Barcelona, |c 2002 | ||
| 300 | |a 110 p. : |b fot. ; |c 21 cm | ||
| 490 | |a Memòria de Barcelona | ||
| 650 | |a Santiburcio, Antoni |9 42246 | ||
| 650 | 0 | |a Polítics |z Catalunya |v Biografia |9 33087 | |
| 700 | |a Maristany, Gerard |9 42247 | ||
| 710 | 1 | |a Barcelona (Catalunya). |b Ajuntament |9 50981 | |
| 901 | |a Arxiu | ||
| 942 | |n 1 | ||
| 952 | |0 0 |1 0 |4 0 |6 M6320 |7 1 |9 50721 |a Arxiu |b Arxiu |d 2016-12-01 |l 0 |o M-6-320 |p 22383 |r 2016-12-01 00:00:00 |w 2016-12-01 |y ARXIU | ||
| 999 | |c 54563 |d 54563 | ||